000 01008nam a22002417i 4500
999 _c23628
_d23628
003 AR-CdUCM
008 260423b20232023 pe||||| |||| 00| 0 spa d
020 _a978-612-331-054-7
040 _aMUNICIPALIDAD PROVINCIAL DEL CUSCO
_cBIBLIOTECA MUNICIPAL DEL CUSCO
041 _hspa
082 _a343.3
_bF83
100 _aFreundt Vélez, Gustavo Luis
_952664
245 _aEl Estado y el Derecho en el pensamiento general de Manuel Gonzáles Prada /
260 _aLima-Perú :
_bUniversidad Ricardo Palma - Editorial Universitaria
_c2023
300 _a117 páginas. :
_c42x17 cm.
500 _zPáginas: 115-117
505 _aInfluencias y originalidades en su pensamiento -- El romanísimo -- El radicalismo -- El indigenismo -- Doctrinas de la constitución -- La invasión y el coloniaje español -- El clero y la iglesia católica
650 _aEl anarquismo
_952665
650 _aFrente al estado
_952666
650 _aFrente al derecho
_952667
942 _2ddc
_cLIBROS
945 _apbjr
_d23-04-2026